00664 2200241 4500001002100000005001500021035002000036245009100056100002700147250000600174300003500180700001700215260003900232082000800271084001400279020001800293650002600311990001700337990001700354990001700371990001700388990001700405INLIS00000000000019320180911105539 a0010-09180000471 aMenjelajahi dan Mempelajari Kalimat /cM.G.Hesti Puji Rastuti; Ilustrasi, Titi Hartati0 aM.G.Hesti Puji Rastuti a- aiv, 92 hlm. :bilus. ;c21 cm.0 aTiti Hartati aKlaten :bPT Intan Pariwara,c2008 a415 a415 HES m a979-28-0538-3 aTata Bahasa Indonesia a00823/P/2018 a00824/P/2018 a00825/P/2018 a00826/P/2018 a00827/P/2018